[Event "Rostov on Don op"]
[Site "Rostov on Don"]
[Date "1993.??.??"]
[Round "?"]
[White "Savchenko, Stanislav"]
[Black "Tregubov, Pavel V"]
[Result "1-0"]
[WhiteElo "2535"]
[BlackElo "2445"]
[Annotator "Belov,I"]
[PlyCount "59"]
[EventDate "1993.05.??"]
[EventType "swiss"]
[EventRounds "9"]
[EventCountry "RUS"]
[SourceTitle "CBM 036"]
[Source "ChessBase"]
[SourceDate "1993.10.01"]
[SourceVersion "1"]
[SourceVersionDate "1993.10.01"]
[SourceQuality "1"]

1. d4 d5 2. c4 c6 3. Nf3 e6 4. e3 Bd6 (4... f5 5. Bd3 Nf6 6. O-O Bd6 7. b3 Qe7
8. Bb2 (8. a4 O-O 9. Ba3 Bxa3 10. Nxa3 Ne4 11. Nc2 $14 {Korchnoi,V-Yusupov,A
Montpellier1985 Inf 40/130/}) 8... O-O 9. Qc2 Bd7 10. Ne5 Be8 11. f3 $14 {
Lindstedt,J-Kramnik,V Maringa 1991 Inf 53/94/}) 5. Nc3 (5. Bd3 $5) 5... f5 6.
Ne5 $1 Nf6 (6... Bxe5 7. dxe5 Nd7 8. f4 Qe7 9. Be2 dxc4 10. a4 $1 (10. Bxc4
Nxe5 $1) 10... b6 11. O-O Bb7 12. Bxc4 $16 {Rubinstein,A-Marshall,F Lodz 1908/}
) 7. f4 O-O 8. Be2 $1 (8. Bd3 Ne4 9. O-O Nd7 $10) 8... b6 (8... Ne4 9. Nxe4
fxe4 10. O-O Nd7 11. Bd2 $14 {/\b4/}) 9. O-O Bb7 10. cxd5 exd5 $6 (10... cxd5
11. Bd2 a6 (11... Nbd7 12. Nb5 Be7 13. Rc1 $16) 12. Qb3 Nbd7 13. Rfc1 $14) 11.
Bd2 c5 (11... Nbd7 12. Qa4 Qc7 (12... c5 13. Bb5) 13. Rac1 $16) 12. Qa4 $1 a6 (
12... Nbd7 13. Bb5 Nb8 $8) 13. Qc2 Ne4 (13... g6) 14. Nxe4 fxe4 15. Bg4 $1 $16
Kh8 (15... Qe7 16. Bc3 Nc6 $2 17. Qb3 $18) 16. dxc5 $1 bxc5 17. Qb3 Ra7 $6 (
17... Qe7 $5 18. Bc3 Rd8 (18... Nc6 19. Nd7 Rfd8 20. Nb6 Rab8 21. Nxd5)) 18.
Bc3 Ba8 19. Rad1 Nc6 $6 (19... Qe7 $5) 20. Be6 $1 Bxe5 (20... d4 21. Nxc6 Bxc6
22. exd4 cxd4 23. Bxd4 Rb7 24. Qe3 $18) 21. fxe5 Rxf1+ (21... d4 22. Rxf8+ Qxf8
23. exd4 cxd4 24. Bxd4 $18) 22. Rxf1 d4 23. Qb6 $1 $18 Qe7 (23... Qxb6 24. Rf8#
) 24. exd4 cxd4 (24... Nxd4 25. Qxa7 $1) 25. Bb4 $1 Qxe6 $8 26. Rf8+ Qg8 27.
Rxg8+ Kxg8 28. e6 $1 a5 29. Bc5 d3 30. Qb3 (30. Qb3 Rb7 31. e7+ Rxb3 32. e8=Q#)
1-0

[Event "Bugojno"]
[Site "Bugojno"]
[Date "1978.02.27"]
[Round "2"]
[White "Vukic, Milan"]
[Black "Spassky, Boris Vasilievich"]
[Result "1/2-1/2"]
[WhiteElo "2480"]
[BlackElo "2630"]
[Annotator "Bulletin"]
[PlyCount "55"]
[EventDate "1978.02.27"]
[EventType "tourn"]
[EventRounds "15"]
[EventCountry "YUG"]
[EventCategory "14"]
[SourceTitle "MCL"]
[Source "ChessBase"]
[SourceDate "1999.07.01"]
[SourceVersion "1"]
[SourceVersionDate "1999.07.01"]
[SourceQuality "1"]

1. Nf3 e6 2. g3 b6 3. Bg2 Bb7 4. c4 f5 5. O-O Nf6 6. d4 (6. b3 Bb4 7. Bb2 O-O
8. d4 a5 $4 9. c5 bxc5 10. a3 $18 {Hernando-Larsen, Orense 1975}) 6... Be7 7.
d5 O-O 8. Nd4 Qc8 9. Nc3 (9. dxe6 Bxg2 10. exd7 Qb7) 9... c5 10. Nc2 (10. Ndb5
$6) 10... d6 11. e4 exd5 12. exd5 $14 Nbd7 13. Re1 Re8 14. Bf4 a6 15. Qd3 g6
16. Re6 (16. Re2 $5) 16... Nf8 17. Re2 Nh5 18. Bd2 Bf6 19. Rae1 Qd7 20. Bf3 Ng7
21. Bh6 Rxe2 22. Rxe2 b5 23. b3 (23. cxb5 axb5 24. Qxb5 Ba6 $5 (24... Qxb5 25.
Nxb5 Rxa2 26. Nxd6 Rxb2 27. Nxb7 $14)) 23... bxc4 24. bxc4 Re8 25. Na1 Rxe2 26.
Bxe2 Qd8 27. Nb3 Nd7 28. Bd2 1/2-1/2

[Event "EU-chT (Men) 10th"]
[Site "Debrecen"]
[Date "1992.11.??"]
[Round "7.3"]
[White "Alterman, Boris"]
[Black "Dreev, Alexey"]
[Result "1-0"]
[WhiteElo "2515"]
[BlackElo "2580"]
[Annotator "Bulletin"]
[PlyCount "75"]
[EventDate "1992.11.20"]
[EventType "team-swiss"]
[EventRounds "9"]
[EventCountry "HUN"]
[SourceTitle "EU-chT"]
[Source "ChessBase"]
[SourceDate "1999.07.01"]
[SourceVersion "2"]
[SourceVersionDate "1999.07.01"]
[SourceQuality "1"]
[WhiteTeam "Israel"]
[BlackTeam "Russia"]
[WhiteTeamCountry "ISR"]
[BlackTeamCountry "RUS"]

1. d4 e6 2. c4 f5 3. Nc3 Nf6 4. Nf3 Bb4 5. Qb3 Bxc3+ 6. Qxc3 O-O 7. g3 b6 (7...
d6) 8. Bg2 Bb7 9. O-O d6 10. b4 Nbd7 11. Bb2 (11. Ng5 $6 Bxg2 12. Nxe6 Qe7 13.
Nxf8 Ne4 $1 14. Qc2 Bxf1 15. Nxd7 Bh3 16. f3 $8 Qxd7 17. fxe4 fxe4 18. Qxe4 Re8
$44) 11... Qe7 12. Rad1 (12. Rfd1 $142 $14) 12... a5 13. b5 Rae8 14. Qc1 Be4 (
14... e5 $142 15. c5 $5 bxc5 $1 (15... dxc5 $6 16. dxe5 Ng4 17. h3 Bxf3 18.
exf3 Ngxe5 19. Rfe1 Qf7 20. f4 Ng6 21. Rxe8 Qxe8 22. Bc6 Rf7 23. Bd5 $18) 16.
dxe5 dxe5 17. Nh4 $5 Bxg2 18. Nxf5 Qe6 19. Qg5 g6 20. Nh6+ Kg7 21. Kxg2 Ne4 22.
Qe3 $13 (22. Rxd7+ $2 Qxd7 23. Bxe5+ Rxe5 $1)) 15. Rfe1 Rc8 (15... Qf7 16. Ng5
$14) (15... h6 $5 16. Ba3 $1 {/\ c5} (16. Nh4 $6 Qf7 17. f3 Ba8 $15)) 16. Qd2
c6 (16... Rce8 $142 $14) 17. Rc1 c5 (17... cxb5 18. cxb5 Bd5 19. Ba3 Ne4 20.
Qb2 {/\ Ne5+/-}) 18. Red1 cxd4 (18... Rfd8 $1 $8 19. dxc5 Nxc5 20. Bxf6 $5 (20.
Nd4 Bxg2 21. Kxg2 Nce4 {/\ Ng4}) 20... Qxf6 21. Nd4 {/\ Nc6+/=}) 19. Qxd4 d5
20. cxd5 Bxd5 (20... Nxd5 21. Ne5 Nxe5 22. Qxe5 Bxg2 23. Kxg2 Qf6 24. Rxc8 Rxc8
25. Qd6 $1 $16) 21. Ne5 Nxe5 22. Qxe5 (22. Bxd5 exd5 23. Qxe5 Qd7 24. Rxc8 $1 (
24. Qe3 $6 Rxc1 25. Rxc1 Qxb5 26. Qe6+ Kh8 27. Bxf6 $44) 24... Rxc8 25. Qe3 $16
) 22... Bxa2 23. Qe3 Rxc1 24. Rxc1 Rb8 25. h3 Bd5 (25... Nd5 26. Bxd5 Bxd5 27.
Qe5 Qf8 $8 (27... Rf8 28. Rc7 Qf6 29. Rxg7+ Kxg7 30. Qc7+ $18) (27... Rd8 28.
Rc7 Rd7 29. Rc8+ $18) 28. Rc7 Rb7 29. Rxb7 Bxb7 30. Qxe6+ Qf7 31. Qxb6 $16) 26.
Be5 Rb7 (26... Rd8 27. Qxb6 $16) 27. Rc8+ Ne8 (27... Kf7 28. Bxf6 Kxf6 (28...
gxf6 29. Qh6) (28... Qxf6 29. Bxd5) 29. Bxd5 exd5 30. Qd4+ $18) 28. Bf6 gxf6 (
28... Qxf6 $142 29. Bxd5 Re7 30. Bc6 Kf7 31. Qxb6 $18) 29. Bxd5 Rc7 30. Ra8 (
30. Qxe6+ Qxe6 31. Rxe8+ $1 $18) 30... Kg7 31. Bc6 Nd6 32. Qxb6 a4 (32... Nf7
$142) 33. Rxa4 Nf7 34. f4 Qd6 35. Rd4 Qa3 36. Qxc7 Qe3+ 37. Kf1 Qxd4 38. b6 1-0

[Event "Muenster op"]
[Site "Muenster"]
[Date "1993.??.??"]
[Round "7"]
[White "Lingnau, Carsten"]
[Black "Stangl, Markus"]
[Result "0-1"]
[WhiteElo "2395"]
[BlackElo "2525"]
[Annotator "ChessBase"]
[PlyCount "98"]
[EventDate "1993.10.??"]
[EventType "swiss"]
[EventRounds "9"]
[EventCountry "GER"]
[SourceTitle "EXT 1999"]
[Source "ChessBase"]
[SourceDate "1998.11.16"]
[SourceVersion "1"]
[SourceVersionDate "1998.11.16"]
[SourceQuality "1"]

{Stangl,M.} 1. d4 d5 2. c4 e6 3. Nf3 c6 4. e3 f5 5. Be2 Nd7 6. O-O Bd6 7. b3
Qf6 {Sehr eigenwillig gespielt. Die normale Fortestzung ist natürlich 7...De7,
um so den Abtausch der schwarzfeldrigen Läufer zu vermeiden.} 8. Ba3 Bb8 9. Nc3
Ne7 10. Qc2 O-O 11. Na4 $6 {Kommt dem unkonventionellen schwarzen
Eröffnungskonzept entgegen. Richtig war es, mit 11.b4 die Initiative am
Damenflügel zu ergreifen} Rf7 12. Nb2 g5 13. Nd3 Ng6 14. Qc3 g4 15. Nd2 h5 {
Besser wäre wohl 15...Dg5 gewesen. Nach dem Textzug hat Weiß eine zwar
gedrückte, aber auch sehr widerstandsfähige Stellung. In der Folge gelingt es
Schwarz, durch beständiges Lavieren den Weißen zur Passivität zu zwingen.} 16.
f4 gxf3 17. Nxf3 Rg7 18. Qd2 Nh4 19. Rf2 Nxf3+ 20. Rxf3 Qg5 21. Bf1 Nf6 22. Nf4
Ne4 23. Qc2 Bd7 24. Bd3 h4 25. Bxe4 dxe4 26. Rf2 Bc7 27. Rd1 Re8 28. Qe2 Qh6
29. Rdf1 Rg5 30. Kh1 Kh7 31. Bb2 Reg8 32. Qd2 Bd6 33. Bc3 Rg3 34. Re2 R3g4 35.
Bb4 Bc7 36. Bc3 Be8 37. d5 {Weiß begeht in hochgradiger Zeitnot einen
elementaren Fehler: er kompliziert die Stellung. Nun entstehen interessante
Verwicklungen, die in beiderseitiger Zeitnot einem Hazardspiel gleichkommen.}
cxd5 38. cxd5 Bb5 39. d6 $5 {Erschwert die schwarze Aufgabe beträchtlich.
Schlecht wäre nun 39...Lb6 oder 39...Ld8, da Weiß mittels 40.Le5 Le2 41.De2
die Drohungen abwehrt und wegen der unkoordinierten schwarzen Figurenstellung
schon mehr vom Spiel hätte.} Bxe2 {Treibt die Spannung zum Höhepunkt. Mit nur
wenigen verbleibenden Sekunden greift Weiß fehl. 40.Se2 mit der Idee 40...Lb6
41.Sf4 und Stabilisierung der weißen Stellung hätte folgen müssen.} 40. dxc7
Bxf1 {Eine phantastische Position! Trotz großen Materialvorteils (Turm und
Qualität) hängt der Ausgang der Partie am seidenen Faden.} 41. Qd7+ (41. c8=Q
Rxc8 42. Qd7+ Rg7 {führt zur Partiefortsetzung}) 41... R4g7 42. c8=Q (42. Bxg7
{Dieses Bilderbuchfinale scheitert nur knapp an} Qxg7 43. Qxg7+ Kxg7 44. Nxe6+
Kf6 45. Nd8 Bxg2+ 46. Kg1 Bh3+ 47. Kf2 f4 {und Schwarz gewinnt}) 42... Rxc8 43.
Qxc8 (43. Bxg7 Qxg7 44. Qxc8 Bxg2+ $1 45. Nxg2 Qa1+ $19) 43... Bxg2+ 44. Nxg2
Qh5 45. Qf8 $2 {Weiß hält der Nervenanspannung nicht mehr stand. Besser war 45.
Dd8 h3 46.Se1 Dg5! und Schwarz besitzt durch die unharmonische weiße
Figurenstellung deut- lichen Endspielvorteil. Schlecht war auch 45.h3 Dd1 46.
Se1 (46.Kh2 Dc2) De2.} e5 $3 {Ein herrlicher Sperrzug; danach ist keine
Verteidigung mehr ersichtlich.} 46. Qd8 h3 47. Bxe5 hxg2+ 48. Kg1 Qf3 49. Qh4+
Kg6 0-1

[Event "WchT U26 08th"]
[Site "Maringa"]
[Date "1991.??.??"]
[Round "3"]
[White "Lindstedt, Johan"]
[Black "Kramnik, Vladimir"]
[Result "0-1"]
[WhiteElo "2345"]
[BlackElo "2480"]
[Annotator "ChessBase"]
[PlyCount "84"]
[EventDate "1991.09.01"]
[EventType "team-swiss"]
[EventRounds "9"]
[EventCountry "BRA"]
[SourceTitle "EXT 2020"]
[Source "ChessBase"]
[SourceDate "2019.10.17"]
[SourceVersion "1"]
[SourceVersionDate "2019.10.17"]
[SourceQuality "1"]
[WhiteTeam "Finland"]
[BlackTeam "Soviet Union"]
[WhiteTeamCountry "FIN"]
[BlackTeamCountry "URS"]

{53/94} 1. d4 d5 2. c4 e6 3. Nf3 c6 4. e3 f5 5. Bd3 Nf6 6. O-O Bd6 7. b3 Qe7 8.
Bb2 (8. a4) 8... O-O 9. Qc2 Bd7 (9... Nbd7 10. Ne5 $14) (9... b6 10. Nc3 Bb7
11. cxd5 cxd5 12. Nb5 Rc8 13. Qe2 $14) 10. Ne5 Be8 11. f3 $14 c5 12. Nc3 $1 Na6
(12... Nc6 13. Nxc6 bxc6 14. Rae1 $14) 13. a3 Nc7 14. Rfe1 Rc8 15. Qd2 (15.
cxd5 Ncxd5 16. Nxd5 Nxd5 17. e4 Nf4 18. exf5 Nxd3 19. Nxd3 Rxf5 20. dxc5 Bxc5+
21. Nxc5 Rfxc5 $11) 15... Rd8 16. Qc2 $6 (16. Qf2 Ne4) (16. Qe2 $14) 16... Kh8
17. a4 { []b} Na6 $5 (17... a6 18. a5 $14) 18. Qf2 Nb4 (18... Ne4 $2 19. Qe2
Nxc3 20. Bxc3 $14) 19. Bf1 Nc6 $1 20. cxd5 $2 (20. Nxc6 $6 bxc6 21. Ba3 e5 $1)
(20. Nb5 Bb8 21. Ba3 $1 b6 $5 (21... Bxe5 22. Bxc5 (22. dxe5 Nxe5 23. Nxa7 dxc4
24. bxc4 $13) 22... Bd6 23. Nxd6 Rxd6 24. Qg3 (24. cxd5 Nxd5 25. Qg3 f4 $1)
24... e5 25. dxe5 Nxe5 $13)) 20... Nxe5 $1 (20... exd5 21. Nxc6 bxc6 22. Ba3
$132) 21. dxe5 Bxe5 22. dxe6 Ng4 $3 (22... Qxe6 23. Bc4 Qe7 24. Rad1 $11) 23.
fxg4 fxg4 24. Qxf8+ $8 (24. Qe2 Bxh2+ $1 25. Kxh2 Qh4+ 26. Kg1 g3 $19) 24...
Qxf8 $15 25. Bc4 g6 $5 (25... g3 26. Rf1 Qe7 27. Rf5 $1 gxh2+ 28. Kh1 Bf6 29.
Raf1 $13) (25... Rd2 26. Rf1 Qe7 27. Rf5 $1) 26. Rad1 Rxd1 27. Nxd1 (27. Rxd1
$2 Qh6) 27... Qg7 28. Rf1 $5 Bxb2 29. Nxb2 Qe5 $1 30. Rf8+ Kg7 31. Rxe8 Qxe3+
32. Kf1 Qc1+ 33. Kf2 Qxb2+ $17 {1/4 5/} 34. Kf1 Qf6+ 35. Kg1 h5 { h4, g} 36.
g3 $8 (36. Rg8+ $6 Kh6) 36... a6 $1 { b} 37. a5 $6 (37. e7 Kh6) (37. Rb8 Qd4+
38. Kf1 Qe4 $17) 37... Qa1+ 38. Kf2 Qxa5 $1 39. Rg8+ $2 (39. e7 Kf6 $19) (39.
Re7+ $5 Kh6 40. Rxb7 Qd2+ 41. Be2 $8 Qd4+ 42. Ke1 Qa1+ 43. Kd2 $8) 39... Kh7
40. e7 Qd2+ 41. Be2 (41. Kf1 Qd1+ 42. Kf2 Qf3+ 43. Kg1 Qe3+ $19) 41... Qd4+ 42.
Ke1 Qc3+ $1 (42... Qc3+ 43. Kd1 (43. Kf1 Qf6+) 43... Qxb3+) 0-1

[Event "Villandry Shogy m"]
[Site "Villandry"]
[Date "2011.10.29"]
[Round "?"]
[White "Vachier Lagrave, Maxime"]
[Black "Moriuchi, Toshiyuki"]
[Result "1-0"]
[WhiteElo "2715"]
[BlackElo "2316"]
[Annotator "ChessBase"]
[PlyCount "69"]
[EventDate "2011.11.??"]
[EventType "match"]
[EventRounds "1"]
[EventCountry "FRA"]
[SourceTitle "EXT 2014"]
[Source "ChessBase"]
[SourceDate "2013.11.20"]
[SourceVersion "1"]
[SourceVersionDate "2013.11.20"]
[SourceQuality "1"]

1. d4 d5 2. c4 c6 3. Nc3 e6 4. e3 f5 5. g4 $5 {Maxime decides to venture into
a tactical melee. Bd3 for Nge2 and Nf4 or Nf3 are a more natural and practical
approach.'} Nf6 (5... fxg4 {(ChessBase) ! The Steinitz's advice to play a
gambit} 6. Qxg4 (6. h3 {!?} g3 {! Black will be the first to play on the open
"f" file by Nf6 & Bd6 then O-O}) 6... Nf6) 6. gxf5 exf5 7. cxd5 cxd5 8. Bg2 Na6
{ChessBase: 'A clever but dubious way to develop. In the analysis room my
friend Henri Carvallo and I went for 8...Ne4.'} (8... Ne4 {ChessBase} 9. Nge2
Qh4 10. Ng3 Nd7 {!?} 11. Nxd5 Bd6 12. O-O O-O {needs a tempo to be effective.}
13. Qc2 Ndf6 14. Nxf6+ Rxf6 15. Bxe4 fxe4 16. Qxe4 Bxg3 17. Qe8+ Rf8 18. Qxf8+
{! the point} Kxf8 19. fxg3+ {and White recovers the piece.}) (8... Nc6 {
ChessBase} 9. Nge2 Bd6 10. Bxd5 Nxd5 11. Nxd5 Be6 12. Ndf4 Bf7 {and 13...g5})
9. Nge2 {ChessBase: 'Going for e5 with 9.Nf3 maybe more simple. But as it is
often said "Japanese simplicity is always difficult"'} Nc7 10. Qb3 (10. Nf4 {
ChessBase} Bd7 $1 {is a defensive resource}) 10... Bd6 11. Bd2 O-O {ChessBase:
'!'} 12. Nxd5 Ncxd5 13. Bxd5+ Kh8 14. Bf3 {ChessBase: '?!'} (14. Nc3 {
(ChessBase) looks more natural} Nxd5 15. Qxd5 a6 {with Ra7! and b5 Black is
still in the playing zone}) 14... Ne4 15. Nc3 (15. Bb4 {(ChessBase) !} Be6 $1
16. Qa3 Qh4 17. Ng3 Bxb4+ 18. Qxb4 Bd5 19. Qa5 Rad8 {and now Black threatens
20...f4! As noted by GM Chernin, Black is a pawn down but his king is safe and
the center is under control}) 15... Qh4 16. O-O-O Nxc3 {ChessBase: 'Very well
played by Moriuchi Meijin. It's always difficult to make a choice between good
moves. In the analysis room the debate was on 16...Nxf2!?'} (16... Nxf2 {
(ChessBase) !?} 17. Be1 Qh3 (17... f4 $5 18. e4 Qh3 19. Bxf2 Qxf3 20. Nb5) 18.
Qd5 Nxd1 19. Qxd6 Bd7 $1 20. Bxd1 Bc6 21. d5 Qg2 22. Qg3 $1 Qxh1 23. Bf3 Qf1
24. dxc6 bxc6 25. Be2 f4 $1 26. exf4 Qxf4+ 27. Qxf4 Rxf4 28. Bg3 {which looks
quite balanced}) 17. bxc3 Qxf2 18. Rdf1 Qh4 19. Kb2 a5 {ChessBase: '? The
mistake.'} (19... Qe7 {ChessBase} 20. Ka1 Rb8 {and with 21...b5! Black is
better ! I must confessed that here that in the analysis room I suggested also
20...a5. GM Chernin reacted immediately and showed what the difference is
between a merely chess amateur and a strong GM: "Not the a-pawn, the b one".} (
{GM Chernin suggested} 20... Be6 $5 21. Qxb7 Qd8 22. Rhg1 g6 23. Qa6 (23. d5 $6
Be5) (23. Qxa8 Qa5 24. Qxf8+ Bxf8 25. d5 Bxd5 26. Bxd5 Qxd5 {Queen vs two
rooks is debatable, but the white pawns are all weak and the black bishop is
stronger than its white counterpart, and the white king can be checked easily.}
) 23... Rc8 {with a serious initiative.} 24. Be2 Bd5 25. c4 Be4 26. Bc3 Qe7 {
with 27...Bb7 and 28...Qxe3}) 21. Bd5 Bd7 $1 {And Bc6 exchanges White's only
active piece. Put Nd6 instead of Bd6 and you got the kind of position that
Chigorin used to win at the beginning of the last century} 22. Qc2 Rbe8 23. e4
fxe4 24. Rxf8+ Qxf8 25. Bxe4 Qf2 {Black has the easier game.}) 20. Ka1 Qe7 21.
Rb1 a4 22. Qc2 Qc7 23. c4 Rb8 24. c5 (24. e4 {(ChessBase) !?}) 24... Bd7 {
ChessBase: '?? 24...b6 was the last chance to stay in the game. Now it's over.
Maxime will keep his grip until the end.'} 25. Rb6 Be7 26. Rhb1 Bc6 27. Bxc6
bxc6 28. Rxb8 Rxb8 29. Rxb8+ Qxb8 30. Qxa4 h6 {ChessBase: 'Despair in time
pressure 30...Qe8 is normal'} 31. Qxc6 Qxh2 32. Qc8+ Bd8 (32... Kh7 {ChessBase}
33. Qxf5+ {is clearly winning too}) 33. Qxd8+ Kh7 34. Qa5 Qe2 35. c6 {
ChessBase: 'Had Moriuchi Meijin found Chernin's plan 19...Qe7 with Be6 & b5
the result may have been totally different.'} 1-0

[Event "Julian Borowski-A 4th"]
[Site "Essen"]
[Date "2002.05.17"]
[Round "2"]
[White "Dautov, Rustem"]
[Black "Krasenkow, Michal"]
[Result "0-1"]
[WhiteElo "2636"]
[BlackElo "2641"]
[Annotator "Dautov,R"]
[PlyCount "52"]
[EventDate "2002.05.16"]
[EventType "tourn"]
[EventRounds "9"]
[EventCountry "GER"]
[EventCategory "16"]
[SourceTitle "CBM 090"]
[Source "ChessBase"]
[SourceDate "2002.09.20"]
[SourceVersion "1"]
[SourceVersionDate "2002.09.20"]
[SourceQuality "1"]

1. d4 d5 2. c4 e6 3. Nc3 c6 4. e3 f5 5. g4 {Dieses energische Vorgehen gegen
die schwarze Stonewall-Struktur gilt als chancenreich für Weiß, die offene
g-Linie bietet ihm Angriffsmöglichkeiten auf dem Königsflügel.} fxg4 ({
Sicherer ist} 5... Nf6 6. gxf5 exf5 {, wonach Weiß nicht selten in ein etwas
besseres Endspiel abwickelt:} 7. Qb3 Qb6 8. cxd5 Qxb3 9. axb3 Nxd5 10. Nxd5
cxd5 11. Bg2 Nc6 12. Ne2 Bd6 13. Nc3 Nb4 14. O-O Be6 15. Nb5 Kd7 16. Bd2 Nc6
17. Rfc1 Rhc8 18. Nxd6 Kxd6 19. Bf1 $14 {Yakovich,Y-Bellon Lopez,J/
Hasselbacken 2001}) 6. Qxg4 Nf6 7. Qg2 {Für den eventuellen
Königsflügelangriff steht hier die Dame optimal.} c5 8. Nf3 {Hier beschloß ich,
auf die schnelle Entwicklung zu setzen. Gut möglich war sowohl 8.dxc5, als
auch 8.cxd5.} Nc6 9. Bd2 Bd7 $146 {Krasenkow plant ebenfalls die lange Rochade.
} ({Die kurze Rochade bekommt dem schwarzen Monarchen nicht gut:} 9... a6 $6
10. O-O-O Qc7 11. dxc5 Bxc5 12. Rg1 O-O 13. Ng5 Kh8 14. Kb1 Ne5 $2 15. Na4 Ba7
16. Bb4 $18 Rg8 17. Qg3 {1-0 Seirawan,Y-Yermolinsky,A/USA 1994}) (9... cxd4 10.
exd4 dxc4 11. O-O-O Na5 12. Re1 $44) 10. O-O-O Qe7 (10... Rc8 11. dxc5 Bxc5 (
11... Qa5 $5) 12. Rg1 g6 13. Ng5 $36) 11. Ne5 $1 cxd4 $2 {Diese leichtfertige
Öffnung der wichtigen Diagonale h2-b8 bringt den schwarzen König in ernsthafte
Gefahr.} (11... O-O-O $142 $14) 12. exd4 O-O-O (12... Nxd4 $2 13. Bg5 Nc6 14.
Nxd7 Qxd7 15. Bxf6 gxf6 16. cxd5 $16) 13. Bf4 $16 {><d5,Kb8} Qe8 {/\Bd6} (13...
dxc4 14. Bxc4 Nxe5 15. dxe5 Qb4 16. Rd4 $1 Bc5 17. a3 Qb6 18. Rd2 Nh5 19. Bg5
$16) 14. cxd5 ({Sehr stark war ebenfalls} 14. Nb5 $1 $16) 14... exd5 ({Etwas
besser war} 14... Nxe5 15. Bxe5 (15. dxe5 $2 Nxd5 16. Nxd5 Bc6 $1) 15... Nxd5
16. Nxd5 Bc6 (16... exd5 17. Qxd5 $16) 17. Bc4 exd5 18. Bd3 Qf7 19. Kb1 $16 {
, obwohl Weiß nach dem weiteren Rd1-c1 einen starken Angriff entfaltet.}) 15.
Nxc6 {Es sprach nichts gegen den einfachen Bauerngewinn, aber ich wollte mehr..
.} (15. Nxd5 Nxd5 16. Qxd5 Be6 (16... Bg4 17. Qe4 $16) 17. Qe4 $16 Nb4 $2 18.
a3) 15... Bxc6 16. Qg3 $1 {Das war meine Idee. Was kann Schwarz gegen die
tödliche Drohung 17.Bh3 unternehmen?} b5 ({Ich hielt} 16... Qg6 {für die beste
Verteidigung. Nach} 17. Bh3+ Nd7 (17... Bd7 $2 18. Nb5 $18) 18. Qxg6 hxg6 19.
Be6 Rh5 20. Rhg1 $16 {steht Schwarz auf verlorenen Posten im Endspiel.}) 17.
Be5 $2 {Ich kann mir immer noch nicht erklären, warum ich vom geplanten und
gewinnbringenden 17.Bb8! Abstand nahm.} (17. Bb8 $1 Qf7 ({Am zähesten ist die
Qualitätabgabe} 17... Rd7 $1 18. Bh3 Kb7 19. Bxd7 Qxd7 20. Be5 b4 21. Ne2 Ba4
22. b3 Ne4 23. Qe3 Bb5 24. Kb2 Bxe2 25. Qxe2 Nc3 26. Qf3 Nxd1+ 27. Rxd1 $16 {
Schwarz gewann die Qualität zurück, aber seine Lage ist alles andere als rosig.
}) 18. Nxb5 $1 (18. Bxb5 Bxb5 19. Nxb5 Qb7 20. Qc7+ (20. Nxa7+ Kd7 21. Qh3+ Ke8
$13) 20... Qxc7+ 21. Bxc7 Rd7 22. Be5 $16) 18... Bxb5 (18... Kb7 19. Qb3 $1 $18
) 19. Bxb5 Kb7 (19... Qb7 $2 20. Ba6 $1 $18) 20. Be5 $18) 17... Kb7 {Nun ist
der weiße Vorteil dahin.} 18. Qd3 (18. Nxb5 $2 Bxb5 19. Qb3 Rc8+ 20. Kb1 Rc4
$17) 18... Ne4 19. Nxe4 dxe4 $11 20. Qb3 (20. Qe3 Bd6 $11) 20... a6 21. Bc4 $2
{Diese Idee basiert auf einem Berechnungsfehler. Alleine angesichts meiner
herannahenden Zeitnot war eine sichere Variante wie 21.Kb1 angebracht.} (21.
Kb1 Bd5 (21... e3 $2 22. d5 $16) 22. Qe3 Qf7 23. a3 Bd6 24. Bg2 Qf5 $11) 21...
e3 $1 22. Bf7 $4 $138 (22. d5 $2 Bd7 23. Bc3 exf2 $17) (22. Rhe1 $8 Bf3 (22...
exf2 23. Re2 Rc8 24. Kb1 $11) 23. Rxe3 Bxd1 24. Kxd1 $44) 22... Be4 $3 $19 {
Eine böse Überraschung! Plötzlich ist der weiße König im Mattnetz und es gibt
keine Verteidigung.} ({Ich rechnete nur mit} 22... Qe7 $2 23. fxe3 Bxh1 24.
Rxh1 $44) 23. Rd3 (23. Bxe8 Rc8+ 24. Qc3 Rxc3+ 25. bxc3 Ba3#) 23... Qe7 24. Rc3
Bxh1 25. Rc7+ Qxc7+ 26. Bxc7 exf2 0-1